In Search of Love / (Record no. 167539)

MARC details
000 -LEADER
fixed length control field 00537nam a22001937a 4500
005 - DATE AND TIME OF LATEST TRANSACTION
control field 20190906144932.0
010 ## - LCCN (DPL NO)
LC control number ENG_126431
020 ## - INTERNATIONAL STANDARD BOOK NUMBER
International Standard Book Number 978-81-93271-12-4
Terms of availability 145.00
035 ## - SYSTEM CONTROL NUMBER
System control number EN-109963
037 ## - SOURCE OF ACQUISITION
Source of stock number/acquisition DBAD/PUB
082 ## - DEWEY DECIMAL CLASSIFICATION NUMBER
Classification number N
100 ## - MAIN ENTRY--PERSONAL NAME
Personal name Dhir, Piyushi
245 ## - TITLE STATEMENT
Title In Search of Love /
Statement of responsibility, etc By Piyushi Dhir
260 ## - PUBLICATION, DISTRIBUTION, ETC. (IMPRINT)
Name of publisher, distributor, etc Maple Press
Date of publication, distribution, etc 2014
Place of publication, distribution, etc U.P
270 ## - ADDRESS
Electronic mail address info@maplepress.co.in
Address A63, Sector58
City Noida
Telephone number +911204553581
-- 4553583
Postal code 201301
300 ## - PHYSICAL DESCRIPTION
Extent 134p.
Dimensions 21cm.(pbk)
650 ## - SUBJECT ADDED ENTRY--TOPICAL TERM
Topical term or geographic name as entry element English Novel
942 ## - ADDED ENTRY ELEMENTS (KOHA)
Source of classification or shelving scheme Dewey Decimal Classification
Item type English Books
Classification part N
Call number suffix DHI
Holdings
Withdrawn status Lost status Not for loan Collection code Home library Current library Date acquired Source of acquisition Cost, normal purchase price Full call number Barcode Copy number Cost, replacement price Koha item type
      Fiction Ashok Vihar Ashok Vihar 06/09/2019 DBAD/PUB 145.00 N DHI EN-109963 1 145.00 English Books

© Delhi Public Library
Hit Counter
free hit counter